000 00354nam a22001217a 4500
008 180420b xxu||||| |||| 00| 0 eng d
041 _aeng
080 _a043.3
100 _a0
101 _aINI-BA
245 _aKrahasimi i Bazes Ligjore Vendore me Direktivat e BE-se per Mbrojtje dhe Siguri ne Pune ne Sektorin e Ndertimit
_cAdemaj, N
942 _2udc
_cBK
999 _c45320
_d45320